Quick Pick: Old & New Things Quiz Stats

 Plays Quiz Updated Mar 3, 2016

Challenge
Share
Tweet
Embed
Score 0/12 Timer 01:00
9 Plays Today
% Correct
Newlyweds
93.2%
Fig Newton
90.4%
Old Maid
87.1%
Oldsmobile
84.2%
Old Faithful
83.7%
New Deal
83.4%
Gary Oldman
83%
Paul Newman
82.7%
The New Adventures of Old Christine
81.8%
Bob Newhart
81.3%
Old Yeller
78.5%
Old Ironsides
71%

Today's Daily Dose

You're not logged in!

Compare scores with friends on all Sporcle quizzes.
OR
Log In

You Might Also Like...

Show Comments

Extras

Top Quizzes Today


Score Distribution

Your Account Isn't Verified!

In order to create a playlist on Sporcle, you need to verify the email address you used during registration. Go to your Sporcle Settings to finish the process.

Report this User

Report this user for behavior that violates our Community Guidelines.

Details: